MDQL
is popping MORE tags! Check the
thread
!
Quizzes
Events
Quiz Creation
Community
Videos
Private Events
Remove Ads
Sign In
Join for FREE
Feedback
Dark Mode
Quiz Categories
Sports
Geography
Music
Movies
Television
Just For Fun
Miscellaneous
History
Literature
Language
Science
Gaming
Entertainment
Religion
Holiday
For Kids
Quiz Lab
Recent
Popular Today
Quiz Kudos Today
Editor Picks
Curator Picks
Quizzes by...
Day
Popularity
Type
Ratings
Length
Year
Community
Subscriptions
Recent Discussions
Orange Saloon
Badges
Playlists
Quests
Create
Leaderboards
Showdown
Live 5
Trivia Bingo
Activity
Puzzle Library
Sporcle Events
Private Events
Virtual Trivia
Globe League
Become a Host
Pub Owners
SporcleCon
Opinionation
Our Games
Videos
Blog
Mobile Apps
Partnerships
Remove Ads and Go Orange
Feedback
Music
Pop Music
The Beatles
Song
Album
Lyrics
Bands
Singers
Artist
Clip
Rock
Rap
Classical
Billboard
Country Music
Kpop
Taylor Swift
Music
Pop Music
The Beatles
Song
Album
Lyrics
Bands
Singers
Artist
Clip
Rock
Rap
Classical
Billboard
Country Music
Kpop
Taylor Swift
Random Quiz
Search Sporcle
×
Quiz Lab
Quiz Lab
Music
Album
Type in answers that appear in a list
Type in answers that appear in a list
Classic
Best Score? Go Orange.
Franz Ferdinand Songs Stats
Can you name the Franz Ferdinand Songs?
By
AjC
18m
80 Questions
740 Plays
740 Plays
740 Plays
Comments
Comments
Give Quiz Kudos
Give Quiz Kudos
-
- Ratings
hide this ad
Replay
Link that replays current quiz
Next Quiz
Link to next quiz in quiz playlist
You Got
0%
They Got
Avg Score
41%
Avg Friend Score
Upgrade to see
Score Distribution
Jump to the score distribution portion of the page
Score
0/80
Timer
18:00
0
Plays Today
Album
Song
% Correct
Franz Ferdinand
Take Me Out
97.3%
Franz Ferdinand
Cheating On You
87.4%
Franz Ferdinand
The Dark Of The Matinee
83.2%
Franz Ferdinand
This Fire
81.7%
Franz Ferdinand
Jacqueline
81.2%
Tonight: Franz Ferdinand
Ulysses
81.2%
Franz Ferdinand
Michael
81.1%
You Could Have It So Much Better
Do You Want To
80.9%
B-
Sides
Missing You
79.6%
Franz Ferdinand
40'
79.2%
Tonight: Franz Ferdinand
No You Girls
78.8%
Franz Ferdinand
Darts Of Pleasure
73.2%
You Could Have It So Much Better
The Fallen
73.2%
Tracks Released On Compilation Albums
No
73.2%
Franz Ferdinand
Tell Her Tonight
71.4%
You Could Have It So Much Better
Walk Away
69.8%
You Could Have It So Much Better
You Could Have It So Much Better
69.1%
You Could Have It So Much Better
Eleanor Put Your Boots On
68.3%
You Could Have It So Much Better
This Boy
64.4%
Tonight: Franz Ferdinand
Katherine Kiss Me
63.1%
Tonight: Franz Ferdinand
Lucid Dreams
62.8%
Franz Ferdinand
Auf Achse
62.2%
Franz Ferdinand
Come On Home
61.8%
You Could Have It So Much Better
Outsiders
61.6%
Tonight: Franz Ferdinand
Bite Hard
53.6%
Tonight: Franz Ferdinand
Can't Stop Feeling
53.5%
Tonight: Franz Ferdinand
Turn It On
51.7%
Tonight: Franz Ferdinand
Twilight Omens
51.4%
You Could Have It So Much Better
Evil And A Heathen
50.9%
Blood: Franz Ferdinand
If I Can't Have You Then Nobody Can
49.3%
Tonight: Franz Ferdinand
What She Came For
49.1%
You Could Have It So Much Better
Fade Together
48.4%
You Could Have It So Much Better
I'm Your Villain
48.2%
You Could Have It So Much Better
You're The Reason I'm Leaving
44.7%
Tonight: Franz Ferdinand
Live Alone
43.7%
Tonight: Franz Ferdinand
Send Him Away
43.6%
B-
Sides
Shopping For Blood
42.9%
You Could Have It So Much Better
What You Meant
42.6%
Tonight: Franz Ferdinand
Dream Again
41.7%
You Could Have It So Much Better
Well That Was Easy
41.3%
Album
Song
% Correct
B-
Sides
Anyone In Love
35.7%
Covered Tracks
Call Me
35.5%
Non-
Album (Double) A-
Side Single
L. Wells
35.2%
Blood: Franz Ferdinand
Katherine Hit Me
34.5%
B-
Sides
Van Tango
34.5%
B-
Sides
All For You, Sophia
31%
B-
Sides
Wine In The Afternoon
29.4%
Covered Tracks
What You Waiting For?
28.7%
B-
Sides
Love And Destroy
27.5%
Blood: Franz Ferdinand
The Vaguest Of Feeling
26.7%
B-
Sides
Your Diary
26.1%
Covered Tracks
Womanizer
24.5%
B-
Sides
All My Friends
24.4%
Blood: Franz Ferdinand
Die On The Floor
23.4%
B-
Sides
Sexy Boy
22.7%
B-
Sides
Words So Leisured
22.5%
B-
Sides
Jeremy Fraser
22.5%
Blood: Franz Ferdinand
Feeling Kind Of Anxious
21.8%
Covered Tracks
Get Up And Use Me
21.1%
Blood: Franz Ferdinand
Feel the Pressure
18.9%
Blood: Franz Ferdinand
Backwards On My Face
18.8%
B-
Sides
Fabulously Lazy
17.9%
Blood: Franz Ferdinand
Feel The Envy
16.4%
B-
Sides
Get Away
15.7%
B-
Sides
Brown Onions
15.7%
Blood: Franz Ferdinand
Be Afraid
15.4%
B-
Sides
Ghost In A Ditch
14.7%
B-
Sides
Don't Start
14.3%
Tracks Released On Compilation Albums
Jackie Jackson
13.3%
Tracks Released On Compilation Albums
Sound And Vision
13%
B-
Sides
Better In Hoboken
12.7%
Tracks Released On Compilation Albums
Hallam Foe Dandelion Blow
12.4%
B-
Sides
New Kind Of Thrill
11.4%
Covered Tracks
Mis-Shapes
11%
B-
Sides
You Never Go Out Anymore
10.8%
B-
Sides
Truck Stop
9.1%
Covered Tracks
It Won't Be Long
7.5%
Covered Tracks
Heisa-Ho
5.5%
Tracks Released On Compilation Albums
(Song For) Sorry Angel
4.1%
B-
Sides
What You Meant (Acoustic)
1.9%
Quiz Playlist
Details
Report
Send in Message
Add To Playlist
Classic:
Type in answers that appear in a list
Last Updated: Feb 16, 2017
Quiz Scoreboard
CHALLENGE
Sign Up to Join the Scoreboard
Show All
Scores
Hide
Comments
May contain spoilers
Recently Published
Two Season TV Shows II
by 123Four
Television
10m
Image Sorting: Flags VI
by Barbecue
Geography
2m
Find the 'City' Movie
by crazypaving
Movies
60s
More to Explore
Quiz From the Vault
Featured Blog Post
14 Easter Pick-up Lines to Find Eggs With
hide this ad
You Might Also Like...
Tags
Album Quiz
Song Quiz
Ferdinand
Franz
Franz Ferdinand
Today's Top Quizzes in Music
Browse Music
hide this ad
Today's Top Quizzes in Album
Browse Album
Top Contributed Quizzes in Music
1
5X2 Blitz: Bands II
2
5X2 Blitz: The Beatles
3
Taylor Swift All Songs (2024)
4
5X2 Blitz: Billboard
5
5X2 Blitz: Billboard II
6
5X2 Blitz: Album
7
5X2 Blitz: Rock
8
5X2 Blitz: Singers
9
Music Artist by Three 2010s hits
10
5X2 Blitz: Lyrics
Explore More
Trending Topics
Kpop
Crossword
Disney
Marvel
Harry Potter
Anime
NBA
NFL
Country
WWE
Puzzle
Pokémon
Soccer
Song
The Office
hide this ad
More By:
AjC
Quiz
Plays
Rating
Category
Featured
Created
Franz Ferdinand Songs
740
4.60
Music
Oct 5, 2009
Songs by The Fratellis
264
3.50
Music
Nov 7, 2009
The Who singles to reach the top 10 (UK)
62
1.00
Music
Apr 11, 2010
Marx Brothers films
44
1.00
Movies
Apr 22, 2010
Go to Creator's Profile
Score Distribution
Quiz Creator Spotlight
AjC
Follow
Send a Message
Quizzes Created
-
Created Quiz Play Count
-
More By This Creator
Popular Quizzes Today
1
Find the US States - No Outlines Minefield
2
Colored Red Africa Blitz
3
Find the 'City' Movie
4
5x2 Blitz: Bands
5
The Countries of the World
6
Find the Countries of Europe - No Outlines Minefield
7
Find the US States
8
US States
More Music Quizzes
Taylor Swift - Karma
Quiz Lab
Trending Quizzes
Colored Red Europe Blitz I
Colored Red Africa Blitz II
Colored Red Europe Blitz II
Colored Red Africa Blitz III
Colored Red Europe Blitz III
Recently Updated
How Do You Spell That?
pecheneg
Godzilla Movies
pecheneg
Grab Bag: 4-10 Letters
pecheneg
2024 March Madness Bracket
pecheneg
Famous TV Couples
Peacemaker
Champions League XIs: Real Madrid
pecheneg
Largest US Cities 1790-2010
pecheneg
Rides in Walt Disney World
pecheneg
Most Oscar Losses (Acting)
pecheneg
Beyoncé Albums
pecheneg
Trending Topics
NBA
Anime
Crossword
Harry Potter
Disney
Kpop
Marvel
Soccer
NFL
Country
Puzzle
Pokémon
Song
WWE
The Office
Your Account Isn't Verified!
In order to create a playlist on Sporcle, you need to verify the email address you used during registration. Go to your
Sporcle Settings
to finish the process.
Report this User
Report this user for behavior that violates our
Community Guidelines
.
Details:
Send Report
Go to the Sporcle.com Mobile Site →
Comments